000 00914nam0a22002291 4500
001 rc\3050040
005 20250530024232.0
035 _a(NLR Aleph) 007189591
090 _a7524514
_c7524514
100 _a20111010d1936 |||y0rusy50 ca
101 0 _arus
102 _aRU
105 _ay z |||||
200 1 _aОпыт изучения местных легенд. Китежская легенда
_e(Тезисы диссертации на степень д-ра литературоведения)
_fВ.Л. Комарович
_gАкад. наук СССР
210 _a[Москва]
_a[Ленинград]
_cБ. и.
_d[1936]
_eЛенинград
_gтип. Акад. наук СССР
215 _a7 с.
_d23×15 см
700 1 _aКомарович
_bВ.Л.
_gВасилий Леонидович
801 0 _aRU
_bNLR
_gpsbo
801 1 _aRU
_bELAR
_2rusmarc
852 _aNLR
_j36-11/918
942 _cBOOK
980 _aNB